[Event "GER CCM-E01-D email"]
[Site "GER email"]
[Date "2017.06.26"]
[Round "?"]
[White "Pellegrinon, Fausto"]
[Black "Elias, Holger"]
[Result "1/2-1/2"]
[WhiteElo "2187"]
[BlackElo "2125"]
[PlyCount "42"]
[EventDate "2017.??.??"]
[EventType "tourn (corr)"]
[EventRounds "13"]
[EventCountry "GER"]
[SourceTitle "Corr 2017"]
[Source "ChessBase"]
[SourceDate "2017.09.19"]
[SourceVersion "1"]
[SourceVersionDate "2017.09.19"]
[SourceQuality "1"]

1. d4 Nf6 2. c4 e6 3. Nf3 b6 4. g3 Bb4+ 5. Bd2 Be7 6. Bg2 c6 7. 0-0 0-0 8. Qc2 d5 9. Rd1 Bb7 10. Bf4 Nbd7 11. Nc3 dxc4 12. Nd2 Nd5 13. Nxc4 Nxf4 14. gxf4 Qc7 15. e3 Rac8 16. Rac1 a6 17. a3 b5 18. Ne5 Nxe5 19. fxe5 c5 20. dxc5 Bxg2 21. Kxg2 Bxc5 1/2-1/2

[Event "GER CCM-E01-D email"]
[Site "GER email"]
[Date "2017.06.26"]
[Round "?"]
[White "Pellegrinon, Fausto"]
[Black "Popov, Vladimir Valentinov"]
[Result "1/2-1/2"]
[WhiteElo "2187"]
[BlackElo "2075"]
[PlyCount "36"]
[EventDate "2017.??.??"]
[EventType "tourn (corr)"]
[EventRounds "13"]
[EventCountry "GER"]
[SourceTitle "Corr 2020"]
[Source "ChessBase"]
[SourceDate "2019.09.30"]
[SourceVersion "1"]
[SourceVersionDate "2019.09.30"]
[SourceQuality "1"]

1. d4 Nf6 2. c4 e6 3. Nf3 b6 4. g3 Bb7 5. Bg2 Bb4+ 6. Bd2 Bxd2+ 7. Qxd2 0-0 8. 0-0 d6 9. Nc3 Ne4 10. Nxe4 Bxe4 11. Qf4 Bb7 12. e4 Nd7 13. Rfe1 Qe7 14. Rad1 e5 15. Qd2 Rad8 16. b4 Rfe8 17. a3 c5 18. d5 Nf6 1/2-1/2

[Event "GER CCM-E01-D email"]
[Site "GER email"]
[Date "2017.06.26"]
[Round "?"]
[White "Pellegrinon, Fausto"]
[Black "Rivas Romero, Guillermo"]
[Result "1/2-1/2"]
[WhiteElo "2187"]
[BlackElo "2171"]
[PlyCount "86"]
[EventDate "2017.??.??"]
[EventType "tourn (corr)"]
[EventRounds "13"]
[EventCountry "GER"]
[SourceTitle "Corr 2020"]
[Source "ChessBase"]
[SourceDate "2019.09.30"]
[SourceVersion "1"]
[SourceVersionDate "2019.09.30"]
[SourceQuality "1"]

1. d4 Nf6 2. c4 g6 3. Nc3 d5 4. cxd5 Nxd5 5. e4 Nxc3 6. bxc3 Bg7 7. Nf3 c5 8. Rb1 0-0 9. Be2 b6 10. 0-0 Bb7 11. Qd3 e6 12. Bg5 Qd7 13. Rfd1 cxd4 14. cxd4 h6 15. Bf4 Nc6 16. Qe3 g5 17. Bg3 Rad8 18. Bb5 a6 19. Bxc6 Qxc6 20. Re1 b5 21. Rbc1 Qe8 22. Bc7 Rd7 23. Ne5 Bxe5 24. dxe5 Qa8 25. h4 Rc8 26. Ba5 Rxc1 27. Qxc1 Kh7 28. hxg5 Bxe4 29. gxh6 Bb7 30. f3 Qg8 31. Kf2 Qg6 32. Bd2 Rd4 33. Qb2 Rh4 34. Rg1 Bd5 35. a3 Qd3 36. Qb1 Qxb1 37. Rxb1 Rd4 38. Be3 Rd3 39. Rc1 Bc4 40. a4 Ra3 41. axb5 Ra2+ 42. Kg3 axb5 43. Rb1 Re2 1/2-1/2

[Event "GER CCM-E01-D email"]
[Site "GER email"]
[Date "2017.06.26"]
[Round "?"]
[White "Rihtaric, Ivan"]
[Black "Pellegrinon, Fausto"]
[Result "0-1"]
[WhiteElo "2181"]
[BlackElo "2187"]
[PlyCount "118"]
[EventDate "2017.??.??"]
[EventType "tourn (corr)"]
[EventRounds "13"]
[EventCountry "GER"]
[SourceTitle "Corr 2020"]
[Source "ChessBase"]
[SourceDate "2019.09.30"]
[SourceVersion "1"]
[SourceVersionDate "2019.09.30"]
[SourceQuality "1"]

1. e4 c5 2. Nf3 d6 3. Bb5+ Bd7 4. Nc3 Bxb5 5. Nxb5 Nf6 6. 0-0 Nxe4 7. Qe2 Nf6 8. d4 a6 9. Nc3 cxd4 10. Nxd4 Nc6 11. Nxc6 bxc6 12. Bg5 d5 13. Bxf6 gxf6 14. Rfe1 h5 15. Qf3 e6 16. Ne2 Bd6 17. Nd4 Rc8 18. Rad1 Be5 19. Qh3 Kd7 20. c4 Qa5 21. Qe3 Qb6 22. b3 Rhg8 23. h3 Rg7 24. Kf1 Rcg8 25. g3 Kc7 26. Nf3 Bd6 27. cxd5 Qxe3 28. Rxe3 cxd5 29. Rc3+ Kb7 30. Ke2 f5 31. Ne1 Rh7 32. Rd4 a5 33. Ra4 Kb6 34. Rc2 Rhh8 35. Kd1 h4 36. Rxh4 Rxh4 37. gxh4 e5 38. Ke2 d4 39. Rc4 Rh8 40. Ng2 Bc5 41. f3 Rg8 42. Ne1 e4 43. a3 Kb5 44. h5 Rg3 45. h4 Rh3 46. Kd2 Rxh4 47. fxe4 fxe4 48. a4+ Kc6 49. Kc2 Rxh5 50. Kb1 Kd5 51. Kb2 Rh2+ 52. Rc2 Rxc2+ 53. Kxc2 Bb4 54. Ng2 d3+ 55. Kd1 Kd4 56. Nh4 e3 57. Nf5+ Ke4 58. Ng3+ Kf3 59. Kc1 Kxg3 0-1